00934 2200421 4500001002100000008004100021035002000062245006500082100001700147250000600164260003000170084001400200082000800214650001400222990001200236990001200248990001200260990001200272990001200284990001200296990001200308990001200320990001200332990001200344990001200356990001200368990001200380990001200392990001200404990001200416990001200428990001200440990001200452990001200464990001200476990001200488990001200500INLIS000000000001196 ind  a0010-0524000431 aKompetensi Berbahasa Indonesia Untuk Kelas XIIcTIM Edukatif aTIM Edukatif a1 aJakarta :bErlanggac2006 a410 TIM k a410 aNon Fiksi a0713673 a0713674 a0713675 a0713676 a0713677 a0713678 a0713679 a0713680 a0713681 a0713682 a0713683 a0713684 a0713685 a0713686 a0713687 a0713688 a0713689 a0713690 a0713691 a0713692 a0713693 a0713694 a0713695